| 000 | 00690nam a2200229Ia 4500 | ||
|---|---|---|---|
| 001 | 16034 | ||
| 003 | GE_BSU | ||
| 008 | 181216s||||||||xx |||||||||||||| ||und|| | ||
| 040 | _cGE_BSU | ||
| 080 | _a821.353.1-31 | ||
| 100 | _aჯაყელი, ჯემალი | ||
| 245 | _aმზე მაღლა იქნება | ||
| 245 | _bრომანი | ||
| 245 | _cრედ.შ.როყვა. მხ. გ.ხოჯაშვილი | ||
| 260 | _aბათუმი | ||
| 260 | _bსაბჭ. აჭარა | ||
| 260 | _c1968 | ||
| 300 | _a215გვ. ; 20სმ | ||
| 653 | _aმზე მაღლა იქნება | ||
| 653 | _aრომანი | ||
| 942 | _cBK | ||
| 999 |
_c49124 _d49124 |
||